000
00344nam a2200145Ia 4500
008
150201s2000 xx 000 0 und d
082
_a
610
_b
H2000V
100
_a
VISWANATHAN ,R.
245
_a
HIV DISEASE IN INDIA
250
_a
1ST
260
_b
WRIGHT PUBLICATION
_a
MADRAS
_c
2000
300
_a
Jan-80
650
_a
MEDICINE
942
_2
ddc
_c
BK
999
_c
3045
_d
3045